| 000 | 00744nam a2200205 a 4500 | ||
|---|---|---|---|
| 001 | 000039804 | ||
| 005 | 20201002033738.0 | ||
| 008 | 130722s1929 sp 000 0 spa d | ||
| 040 |
_aDO-SdBNP _bspa _cBNPHU |
||
| 082 |
_axxx _bM645p, |
||
| 100 | 1 |
_aMillares Carlo, Agustín, _d1893-1980. _921293 |
|
| 245 | 1 | 0 |
_aPaleografía española : _bensayo de una historia de la escritura en Epanña desde el siglo VIII al XVII / _cAgustín Millares Carlos. |
| 260 |
_aBarcelona : _bLabor, _c1929. |
||
| 300 |
_a1 v. ; _c18 cm. |
||
| 490 | 1 |
_aLabor _v4 |
|
| 490 | 1 |
_aCiencias históricas _v192-194 |
|
| 500 | _aIncluye referencias biográficas y notas al pie de las páginas. | ||
| 830 | 0 |
_aLabor _v4 _95274 |
|
| 830 | 0 |
_aCiencias históricas _n192-194 _966000 |
|
| 999 |
_c39294 _d39294 |
||